00460nam a2200193 a 4500001001300000003000900013005001700022008004100039020001000080082001500090100001800105245001700123260003100140300000800171500003500179505001200214650002200226700001800248nice12345678IN_TiNIC20260116011416.0050524s1924 teha grp 000 0 per  ac10000a269.2bMIK aMikailiyan, T aRah-E-Saleeb aTehranbNo Publisherc1924 a92p aincludes index and biblioraphy2 aIndexes aEvangelistic Work1 aMikailiyan, T